| 000 | 00552nam a22001457a 4500 | ||
|---|---|---|---|
| 005 | 2012021600430.0 | ||
| 020 |
_a817223533 _c295.00 |
||
| 035 | _aB-115311 | ||
| 037 |
_aDPL _bENG |
||
| 100 |
_aKhushwant Singh _943395 |
||
| 245 |
_aGods and Godman of India/ _cby Khushwant Singh |
||
| 260 |
_aNew Delhi _bHarper Collins Publishers India _c2005 |
||
| 300 |
_a xiii,295p. _c23 cms. |
||
| 942 |
_2ddc _cEN _h080 _mCON |
||
| 999 |
_c63742 _d63742 |
||